Offshoring a jeho vplyv na rozvoj globálneho trhu s pracovnou silou diplomová práca

Gespeichert in:
Bibliographische Detailangaben
1. Verfasser: Štadlerová, Lucia
Körperschaft: Obchodná fakulta EU. Katedra medzinárodného obchodu
Weitere Verfasser: Verček, Peter
Format: Buch
Sprache:Slowakisch
Veröffentlicht: Bratislava 2010
Tags: Tag hinzufügen
Keine Tags, Fügen Sie das erste Tag hinzu!

MARC

LEADER 00000nam a2200000 4500
001 0120236
005 20240318122953.7
041 0 |a slo 
044 |a SK 
245 1 0 |a Offshoring a jeho vplyv na rozvoj globálneho trhu s pracovnou silou  |b diplomová práca  |c Lucia Štadlerová ; škol. Peter Verček 
264 1 |a Bratislava  |c 2010 
300 |a 71 s. 
100 1 |a Štadlerová, Lucia 
700 1 |a Verček, Peter 
710 2 |a Obchodná fakulta EU. Katedra medzinárodného obchodu